[Event "Remote S7E-168 email"]
[Site "Remote email"]
[Date "2014.06.02"]
[Round "?"]
[White "Raap, Christian"]
[Black "Henkel, Phil"]
[Result "1-0"]
[WhiteElo "2353"]
[BlackElo "2034"]
[PlyCount "63"]
[EventDate "2014.??.??"]
[EventType "tourn (corr)"]
[EventRounds "6"]
[EventCountry "GER"]
[SourceTitle "Corr 2015"]
[Source "ChessBase"]
[SourceDate "2015.07.17"]
[SourceVersion "1"]
[SourceVersionDate "2015.07.17"]
[SourceQuality "1"]

1. d4 Nf6 2. c4 g6 3. Nc3 Bg7 4. e4 d6 5. Nf3 0-0 6. Be2 Nbd7 7. 0-0 e5 8. dxe5 Nxe5 9. Nxe5 dxe5 10. Qa4 Bd7 11. Qa3 Bc6 12. Rd1 Qc8 13. f3 Qe6 14. Nd5 Bxd5 15. cxd5 Qd7 16. Qb3 Rab8 17. Be3 a6 18. Rab1 Rfc8 19. Ba7 Ra8 20. Qxb7 Ne8 21. Be3 Nd6 22. Qc6 Qxc6 23. dxc6 Bf8 24. Rd5 f6 25. b4 Kf7 26. a4 h5 27. Ra5 Rcb8 28. Bxa6 Be7 29. Bb7 Nxb7 30. cxb7 Rxa5 31. bxa5 c5 32. a6 1-0

[Event "Remote S7E-168 email"]
[Site "Remote email"]
[Date "2014.06.02"]
[Round "?"]
[White "Raap, Christian"]
[Black "Schiller, Manfred"]
[Result "1-0"]
[WhiteElo "2353"]
[BlackElo "1610"]
[PlyCount "29"]
[EventDate "2014.??.??"]
[EventType "tourn (corr)"]
[EventRounds "6"]
[EventCountry "GER"]
[SourceTitle "Corr 2015"]
[Source "ChessBase"]
[SourceDate "2015.07.17"]
[SourceVersion "1"]
[SourceVersionDate "2015.07.17"]
[SourceQuality "1"]

1. d4 g6 2. c4 Bg7 3. e4 c6 4. Nc3 e6 5. Nf3 h6 6. Bf4 Ne7 7. d5 cxd5 8. Nb5 Na6 9. Nd6+ Kf8 10. cxd5 Bxb2 11. Rb1 Qa5+ 12. Nd2 Bc3 13. Qf3 Qxa2 14. Bxh6+ Rxh6 15. Qxf7# 1-0

[Event "Remote-ch Class3 Gr.C email"]
[Site "Remote email"]
[Date "2014.04.20"]
[Round "?"]
[White "Raap, Christian"]
[Black "Schulz, Peter"]
[Result "1-0"]
[WhiteElo "2357"]
[BlackElo "1892"]
[PlyCount "47"]
[EventDate "2014.??.??"]
[EventType "tourn (corr)"]
[EventRounds "6"]
[EventCountry "GER"]
[SourceTitle "Corr 2015"]
[Source "ChessBase"]
[SourceDate "2015.07.17"]
[SourceVersion "1"]
[SourceVersionDate "2015.07.17"]
[SourceQuality "1"]

1. d4 d5 2. c4 Bf5 3. Qb3 dxc4 4. Qxb7 Nd7 5. Nf3 Ngf6 6. e3 Be4 7. Qa6 Nb6 8. Nbd2 e6 9. Bxc4 Nxc4 10. Nxc4 Qd5 11. Nfe5 Bb4+ 12. Bd2 Bxd2+ 13. Nxd2 0-0 14. f3 Qb7 15. Qxb7 Bxb7 16. Rc1 Rac8 17. Nb3 Rfd8 18. Kd2 a6 19. Nc5 Bd5 20. Nxa6 Bxa2 21. Nc6 Rd7 22. Nc5 Rcd8 23. Nxd7 Rxd7 24. Ra1 1-0

[Event "Remote S7E High-153 email"]
[Site "Remote email"]
[Date "2014.02.12"]
[Round "?"]
[White "Faber, Hans Alban"]
[Black "Raap, Christian"]
[Result "1-0"]
[WhiteElo "2502"]
[BlackElo "2357"]
[PlyCount "89"]
[EventDate "2014.??.??"]
[EventType "tourn (corr)"]
[EventRounds "6"]
[EventCountry "GER"]
[SourceTitle "Corr 2015"]
[Source "ChessBase"]
[SourceDate "2015.07.17"]
[SourceVersion "1"]
[SourceVersionDate "2015.07.17"]
[SourceQuality "1"]

1. e4 e5 2. Nf3 Nc6 3. Bb5 Nf6 4. 0-0 Nxe4 5. d4 exd4 6. Re1 d5 7. Nxd4 Bd6 8. Nxc6 Bxh2+ 9. Kh1 Qh4 10. Rxe4+ dxe4 11. Qd8+ Qxd8 12. Nxd8+ Kxd8 13. Kxh2 Be6 14. Nc3 c6 15. Be2 f5 16. Be3 Re8 17. g4 h6 18. Bd4 fxg4 19. Bxg7 Bf5 20. Nd1 h5 21. Ne3 Bg6 22. Bf6+ Kc7 23. Rd1 b5 24. c4 Rf8 25. Bh4 a6 26. a4 Bf7 27. axb5 axb5 28. cxb5 cxb5 29. Bxb5 Ra2 30. b4 Be8 31. Bxe8 Rxe8 32. Rd5 Rh8 33. Nc4 Rh7 34. b5 Kb8 35. Rc5 Ka7 36. Kg3 Ra1 37. b6+ Kb7 38. Bd8 Rd7 39. Rc7+ Rxc7 40. bxc7 Rd1 41. Kf4 Rd7 42. Nb6 Rxc7 43. Bxc7 Kxc7 44. Nd5+ Kd6 45. Nf6 1-0

[Event "Remote S7E High-153 email"]
[Site "Remote email"]
[Date "2014.02.12"]
[Round "?"]
[White "Raap, Christian"]
[Black "Firsching, Guenter"]
[Result "1/2-1/2"]
[WhiteElo "2357"]
[BlackElo "2482"]
[PlyCount "54"]
[EventDate "2014.??.??"]
[EventType "tourn (corr)"]
[EventRounds "6"]
[EventCountry "GER"]
[SourceTitle "Corr 2015"]
[Source "ChessBase"]
[SourceDate "2015.07.17"]
[SourceVersion "1"]
[SourceVersionDate "2015.07.17"]
[SourceQuality "1"]

1. d4 Nf6 2. c4 e6 3. Nc3 Bb4 4. Nf3 c5 5. e3 Nc6 6. d5 Ne7 7. dxe6 fxe6 8. Bd3 Bxc3+ 9. bxc3 Qc7 10. e4 Ng6 11. h4 0-0 12. h5 Ne5 13. h6 g6 14. 0-0 Nf7 15. Ng5 b6 16. Re1 Bb7 17. a4 Nxg5 18. Bxg5 Qe5 19. Qd2 Nh5 20. Be3 Nf4 21. Bc2 Rf7 22. Bxf4 Rxf4 23. Qxd7 Raf8 24. Re2 R4f7 25. Qd3 Qh5 26. a5 Rf4 27. Qd7 R4f7 1/2-1/2

[Event "Remote S7E Pro email"]
[Site "Remote email"]
[Date "2014.01.29"]
[Round "?"]
[White "Raap, Christian"]
[Black "Vehlow, Burkhard"]
[Result "1-0"]
[WhiteElo "2357"]
[BlackElo "2172"]
[PlyCount "69"]
[EventDate "2014.??.??"]
[EventType "tourn (corr)"]
[EventRounds "6"]
[EventCountry "GER"]
[SourceTitle "Corr 2015"]
[Source "ChessBase"]
[SourceDate "2015.07.17"]
[SourceVersion "1"]
[SourceVersionDate "2015.07.17"]
[SourceQuality "1"]

1. d4 Nf6 2. c4 e6 3. Nf3 b6 4. g3 Ba6 5. Qa4 Bb7 6. Bg2 c5 7. 0-0 Be7 8. dxc5 bxc5 9. Rd1 0-0 10. Bf4 d6 11. Nc3 a6 12. b4 Bc6 13. Qa3 Nbd7 14. Bxd6 Bxd6 15. Rxd6 cxb4 16. Qxb4 Rb8 17. Qa3 Qe7 18. Nd1 Ne4 19. Rd3 Nec5 20. Rd2 Qf6 21. Rc1 Rfc8 22. Ne1 Bxg2 23. Kxg2 h5 24. Qe3 Ne5 25. Nf3 Nxf3 26. exf3 Rb4 27. Rd4 Kh7 28. Rc2 Qg6 29. Rcd2 f6 30. Rh4 Qh6 31. Qe2 g5 32. Rhd4 h4 33. f4 hxg3 34. fxg3 gxf4 35. Rxf4 1-0

[Event "Remote S7E Pro-174 email"]
[Site "Remote email"]
[Date "2014.01.29"]
[Round "?"]
[White "Raap, Christian"]
[Black "Wittig, Frank"]
[Result "1/2-1/2"]
[WhiteElo "2336"]
[BlackElo "2313"]
[PlyCount "56"]
[EventDate "2014.??.??"]
[EventType "tourn (corr)"]
[EventRounds "6"]
[EventCountry "GER"]
[SourceTitle "Corr 2015"]
[Source "ChessBase"]
[SourceDate "2015.07.17"]
[SourceVersion "1"]
[SourceVersionDate "2015.07.17"]
[SourceQuality "1"]

1. d4 d5 2. c4 Nf6 3. Nf3 e6 4. Nc3 c5 5. cxd5 exd5 6. g3 c4 7. Ne5 Qa5 8. Bd2 Bb4 9. Bg2 0-0 10. a3 Bxc3 11. Bxc3 Qb6 12. b3 cxb3 13. Rb1 Ne4 14. Rxb3 Nxc3 15. Rxc3 Nc6 16. e3 Bf5 17. 0-0 Rfd8 18. Nd3 Ne7 19. Nc5 Rab8 20. Qa4 Qd6 21. Rfc1 h5 22. h4 b5 23. Qb4 a5 24. Qxa5 Nc6 25. Qa6 Bc8 26. Ne4 Bxa6 27. Nxd6 Ne7 28. Rc6 Nxc6 1/2-1/2

[Event "Remote S7E Pro-174 email"]
[Site "Remote email"]
[Date "2014.01.29"]
[Round "?"]
[White "Schatz, Hans Dieter"]
[Black "Raap, Christian"]
[Result "1/2-1/2"]
[WhiteElo "2331"]
[BlackElo "2336"]
[PlyCount "41"]
[EventDate "2014.??.??"]
[EventType "tourn (corr)"]
[EventRounds "6"]
[EventCountry "GER"]
[SourceTitle "Corr 2015"]
[Source "ChessBase"]
[SourceDate "2015.07.17"]
[SourceVersion "1"]
[SourceVersionDate "2015.07.17"]
[SourceQuality "1"]

1. e4 e5 2. Nf3 Nc6 3. Bc4 Bc5 4. c3 Nf6 5. d4 exd4 6. cxd4 Bb4+ 7. Bd2 Nxe4 8. Bxb4 Nxb4 9. Bxf7+ Kxf7 10. Qb3+ d5 11. Ne5+ Ke6 12. Qxb4 c5 13. Qa3 cxd4 14. Nf3 Qb6 15. 0-0 Re8 16. Nbd2 Nxd2 17. Nxd2 Kf7 18. Qd3 Bg4 19. Nf3 Bxf3 20. Qxf3+ Kg8 21. Qxd5+ 1/2-1/2

[Event "Remote S7E Pro email"]
[Site "Remote email"]
[Date "2014.01.29"]
[Round "?"]
[White "Schilling, Frank"]
[Black "Raap, Christian"]
[Result "1/2-1/2"]
[WhiteElo "2446"]
[BlackElo "2357"]
[PlyCount "65"]
[EventDate "2014.??.??"]
[EventType "tourn (corr)"]
[EventRounds "6"]
[EventCountry "GER"]
[SourceTitle "Corr 2015"]
[Source "ChessBase"]
[SourceDate "2015.07.17"]
[SourceVersion "1"]
[SourceVersionDate "2015.07.17"]
[SourceQuality "1"]

1. e4 e5 2. Nf3 Nc6 3. Bb5 a6 4. Bxc6 dxc6 5. 0-0 Bg4 6. h3 h5 7. d3 Qf6 8. Nbd2 Ne7 9. Re1 Ng6 10. d4 Nf4 11. hxg4 hxg4 12. g3 gxf3 13. Qxf3 Ne6 14. dxe5 Qxe5 15. Qf5 Qb5 16. a4 Qb6 17. c3 g6 18. Qf3 Rh5 19. Kg2 Be7 20. b4 a5 21. Nc4 Qa6 22. Nxa5 c5 23. Rb1 cxb4 24. cxb4 Nd4 25. Qg4 Bxb4 26. Rd1 c5 27. Rxb4 cxb4 28. Rxd4 Qxa5 29. Qd7+ Kf8 30. Qxb7 Qxa4 31. Rd7 Qa2 32. Qxb4+ Kg8 33. Qd4 1/2-1/2

[Event "Remote S7E Adv-139 email"]
[Site "Remote email"]
[Date "2014.01.20"]
[Round "?"]
[White "Irmer, Friedrich"]
[Black "Raap, Christian"]
[Result "1/2-1/2"]
[WhiteElo "2310"]
[BlackElo "2357"]
[PlyCount "83"]
[EventDate "2014.??.??"]
[EventType "tourn (corr)"]
[EventRounds "6"]
[EventCountry "GER"]
[SourceTitle "Corr 2015"]
[Source "ChessBase"]
[SourceDate "2015.07.17"]
[SourceVersion "1"]
[SourceVersionDate "2015.07.17"]
[SourceQuality "1"]

1. d4 Nf6 2. c4 d5 3. cxd5 c6 4. dxc6 Nxc6 5. Nf3 e5 6. dxe5 Qxd1+ 7. Kxd1 Ng4 8. Ke1 Bc5 9. e3 Ngxe5 10. Nxe5 Nxe5 11. Bd2 Bf5 12. Bc3 f6 13. Nd2 Nd3+ 14. Bxd3 Bxd3 15. Nb3 Be7 16. Rc1 Kf7 17. f3 Rhd8 18. Kf2 Rac8 19. Rhd1 Bb5 20. Nd4 Ba4 21. b3 Be8 22. Bb2 h5 23. h3 Bc5 24. g4 hxg4 25. hxg4 a5 26. a4 b6 27. Ne2 Rxd1 28. Rxd1 Bb4 29. Nd4 Kg6 30. f4 Bf7 31. f5+ Kh7 32. Kf3 Re8 33. e4 Bc5 34. Bc3 Bxd4 35. Rxd4 Bxb3 36. Bb2 Rc8 37. g5 Rc2 38. gxf6 Rxb2 39. Rd7 Kg8 40. Rxg7+ Kf8 41. e5 Rb1 42. Ke2 1/2-1/2

[Event "Remote S7E Adv-139 email"]
[Site "Remote email"]
[Date "2014.01.20"]
[Round "?"]
[White "Vehlow, Burkhard"]
[Black "Raap, Christian"]
[Result "1/2-1/2"]
[WhiteElo "2172"]
[BlackElo "2357"]
[PlyCount "99"]
[EventDate "2014.??.??"]
[EventType "tourn (corr)"]
[EventRounds "6"]
[EventCountry "GER"]
[SourceTitle "Corr 2015"]
[Source "ChessBase"]
[SourceDate "2015.07.17"]
[SourceVersion "1"]
[SourceVersionDate "2015.07.17"]
[SourceQuality "1"]

1. Nf3 Nf6 2. c4 c5 3. g3 g6 4. Bg2 Bg7 5. d4 cxd4 6. Nxd4 0-0 7. Nc3 Nc6 8. 0-0 Ng4 9. e3 d6 10. Nde2 Nge5 11. b3 Bf5 12. Qd2 Nd3 13. e4 Nxc1 14. Raxc1 Bg4 15. h3 Bxe2 16. Nxe2 Qb6 17. Rfd1 Rac8 18. Nc3 Qc5 19. Nd5 Qa3 20. h4 Rfe8 21. Nc3 a6 22. Nb1 Qc5 23. Nc3 h5 24. Nd5 Qa3 25. Nc3 Kh7 26. Bh3 Rcd8 27. Qe3 Bd4 28. Qd2 e6 29. Kg2 Bg7 30. Rc2 Qa5 31. Qe3 f5 32. exf5 exf5 33. Qf3 Nd4 34. Rxd4 Bxd4 35. Qxb7+ Kh6 36. Qf3 Bxc3 37. Rxc3 d5 38. c5 Qb4 39. a3 Qe4 40. Re3 Qd4 41. b4 Rxe3 42. Qxe3+ Qxe3 43. fxe3 Kg7 44. Kf3 Rc8 45. Kf4 Kf6 46. Bf1 a5 47. Bd3 Ke6 48. Ba6 Rc7 49. Kg5 Kf7 50. Be2 1/2-1/2

[Event "Remote email"]
[Site "Remote email"]
[Date "2013.12.10"]
[Round "3"]
[White "Knoeppel, Bjoern"]
[Black "Raap, Christian"]
[Result "1/2-1/2"]
[WhiteElo "2289"]
[BlackElo "2357"]
[PlyCount "94"]
[EventDate "2013.??.??"]
[EventType "tourn (corr)"]
[EventRounds "6"]
[EventCountry "GER"]
[SourceTitle "Corr 2015"]
[Source "ChessBase"]
[SourceDate "2015.07.17"]
[SourceVersion "1"]
[SourceVersionDate "2015.07.17"]
[SourceQuality "1"]

1. e4 e5 2. f4 exf4 3. Nf3 g5 4. Nc3 g4 5. Ne5 Nc6 6. Nxg4 Qh4+ 7. Nf2 Bc5 8. d4 Bxd4 9. Qf3 Be5 10. Ne2 Qe7 11. Nxf4 Nf6 12. c3 d5 13. Bd3 dxe4 14. Nxe4 Bg4 15. Nxf6+ Bxf6+ 16. Qe3 0-0-0 17. Qxe7 Bxe7 18. 0-0 Bc5+ 19. Kh1 a5 20. Bc2 Ne5 21. h3 Bd7 22. a4 Bc6 23. Rb1 b5 24. axb5 Bxb5 25. Rd1 Rxd1+ 26. Bxd1 Bc6 27. Ra1 Bb6 28. b4 axb4 29. cxb4 Kb8 30. Kh2 Rd8 31. Bc2 Ng6 32. Ra2 Bb7 33. Ne2 Re8 34. Bb3 Nh4 35. g4 Nf3+ 36. Kg3 f6 37. Nc3 Re1 38. Bf4 Be3 39. Nd5 Bxf4+ 40. Nxf4 Ng5 41. Bd5 Re3+ 42. Kf2 Bxd5 43. Nxd5 Rxh3 44. Kg2 h5 45. gxh5 Rxh5 46. Nxf6 Rh4 47. Ra5 Ne4 1/2-1/2

[Event "Remote email"]
[Site "Remote email"]
[Date "2013.10.01"]
[Round "4"]
[White "Raap, Christian"]
[Black "Skowronek, Juergen"]
[Result "1-0"]
[WhiteElo "2357"]
[BlackElo "2274"]
[PlyCount "95"]
[EventDate "2013.??.??"]
[EventType "tourn (corr)"]
[EventRounds "6"]
[EventCountry "GER"]
[SourceTitle "Corr 2015"]
[Source "ChessBase"]
[SourceDate "2015.07.17"]
[SourceVersion "1"]
[SourceVersionDate "2015.07.17"]
[SourceQuality "1"]

1. d4 d5 2. c4 c6 3. Nf3 Nf6 4. Nc3 e6 5. e3 Nbd7 6. Bd3 dxc4 7. Bxc4 b5 8. Bd3 Bd6 9. 0-0 0-0 10. Ng5 h6 11. Nge4 Be7 12. b3 Bb7 13. Bb2 Nd5 14. Rc1 Rc8 15. Qe2 a6 16. h3 Nb4 17. Bb1 f5 18. Nc5 Bxc5 19. dxc5 Nxc5 20. e4 f4 21. Qf3 a5 22. Ne2 Qe7 23. Nxf4 Ncd3 24. Bxd3 Rxf4 25. Qe3 Nxd3 26. Qxd3 Rd8 27. Qe3 Rf7 28. Rfd1 Qc7 29. Qc5 Rfd7 30. Rxd7 Rxd7 31. Be5 Qd8 32. a4 Qg5 33. Kh2 b4 34. Rc2 Rd3 35. Qxa5 c5 36. Bg3 Bxe4 37. Rxc5 Bd5 38. Qb5 Rxb3 39. Rc8+ Kh7 40. Qb8 Qe7 41. Bd6 Qb7 42. Rh8+ Kg6 43. Qg8 e5 44. Qh7+ Kf6 45. Rf8+ Bf7 46. Bxe5+ Kxe5 47. Qxg7+ Ke6 48. Re8+ 1-0

[Event "Remote Random-167 email"]
[Site "Remote email"]
[Date "2013.09.11"]
[Round "?"]
[White "Baer, Cy"]
[Black "Raap, Christian"]
[Result "0-1"]
[WhiteElo "1644"]
[BlackElo "2337"]
[PlyCount "30"]
[EventDate "2013.??.??"]
[EventType "tourn (corr)"]
[EventRounds "6"]
[EventCountry "GER"]
[SourceTitle "Corr 2015"]
[Source "ChessBase"]
[SourceDate "2015.07.17"]
[SourceVersion "1"]
[SourceVersionDate "2015.07.17"]
[SourceQuality "1"]

1. d4 Nf6 2. Nf3 e6 3. Bf4 d5 4. e3 c5 5. Bb5+ Bd7 6. a4 a6 7. Bxd7+ Nbxd7 8. 0-0 Rc8 9. Nbd2 Be7 10. c3 Nh5 11. Bg3 0-0 12. Ne5 Nxg3 13. hxg3 Nxe5 14. dxe5 d4 15. exd4 cxd4 0-1

[Event "Remote Random-167 email"]
[Site "Remote email"]
[Date "2013.09.11"]
[Round "?"]
[White "Buchmann, Hans Peter"]
[Black "Raap, Christian"]
[Result "0-1"]
[WhiteElo "2128"]
[BlackElo "2336"]
[PlyCount "74"]
[EventDate "2013.??.??"]
[EventType "tourn (corr)"]
[EventRounds "6"]
[EventCountry "GER"]
[SourceTitle "Corr 2015"]
[Source "ChessBase"]
[SourceDate "2015.07.17"]
[SourceVersion "1"]
[SourceVersionDate "2015.07.17"]
[SourceQuality "1"]

1. d4 Nf6 2. Nf3 e6 3. Bf4 d5 4. e3 c5 5. Nc3 a6 6. Ne5 Nc6 7. Qd2 Nh5 8. Nxc6 bxc6 9. Bg3 Nxg3 10. hxg3 Qa5 11. a3 c4 12. Ne2 Qb6 13. b3 cxb3 14. cxb3 Qxb3 15. Nc3 Bd7 16. Be2 c5 17. 0-0 Qb6 18. Rfb1 Qa5 19. Ra2 Be7 20. dxc5 Qxc5 21. Rc2 Qxa3 22. Ra2 Qd6 23. e4 dxe4 24. Qxd6 Bxd6 25. Nxe4 Be5 26. Nc5 Bc8 27. Nd3 Bd6 28. Ra5 Ke7 29. Nb4 Bd7 30. Nxa6 Ra7 31. f4 Rc8 32. Kf2 Rc3 33. Bg4 g5 34. fxg5 Bxg3+ 35. Kf1 Bf4 36. Bf3 Bd2 37. Be2 Bc6 0-1

[Event "Remote Federal-ch email"]
[Site "Remote email"]
[Date "2013.09.11"]
[Round "?"]
[White "Dammer, Axel"]
[Black "Raap, Christian"]
[Result "1/2-1/2"]
[WhiteElo "2401"]
[BlackElo "2357"]
[PlyCount "133"]
[EventDate "2013.??.??"]
[EventType "swiss (corr)"]
[EventRounds "12"]
[EventCountry "GER"]
[SourceTitle "Corr 2015"]
[Source "ChessBase"]
[SourceDate "2015.07.17"]
[SourceVersion "1"]
[SourceVersionDate "2015.07.17"]
[SourceQuality "1"]

1. d4 Nf6 2. c4 e6 3. Nf3 b6 4. g3 Ba6 5. b3 Bb4+ 6. Bd2 Qe7 7. Bg2 Bb7 8. 0-0 0-0 9. Nc3 d6 10. d5 Nbd7 11. Nd4 Nc5 12. Qc2 a5 13. a3 Bxc3 14. Bxc3 exd5 15. Nf5 Qe6 16. cxd5 Bxd5 17. Bxd5 Nxd5 18. Bxg7 Rfe8 19. Bb2 Qe4 20. Rac1 Qxc2 21. Rxc2 Ne7 22. Nh6+ Kf8 23. Rd1 Ng8 24. Nf5 Ne7 25. Nd4 Red8 26. Kg2 Rd7 27. Rdc1 Re8 28. h3 Kg8 29. Nb5 Rc8 30. Rc4 f5 31. Nd4 Kf7 32. Rd1 d5 33. Rc2 c6 34. h4 Rd6 35. b4 Ne6 36. Nf3 axb4 37. axb4 c5 38. e3 Kg8 39. Be5 Rd7 40. bxc5 bxc5 41. Ng5 Rc6 42. Nxe6 Rxe6 43. Bb2 Rc6 44. Ba3 Rdc7 45. Rb1 c4 46. Rb5 Kf7 47. Bxe7 Kxe7 48. Rxd5 Ke6 49. Ra5 c3 50. Kf1 Kf6 51. Ra8 Rd6 52. Ke2 h6 53. Ra3 Rdc6 54. Rb3 Rc8 55. f4 h5 56. Kf3 Kg6 57. Ra3 Kf6 58. Ke2 Rg8 59. Kf2 Rgc8 60. Kf3 Kg6 61. Rb3 R8c7 62. e4 fxe4+ 63. Kxe4 Re6+ 64. Kf3 Rec6 65. Ra3 Rc8 66. Ra5 Rd6 67. Rg5+ 1/2-1/2

[Event "Remote Federal-ch email"]
[Site "Remote email"]
[Date "2013.09.11"]
[Round "?"]
[White "Raap, Christian"]
[Black "Mueller, Achim"]
[Result "1/2-1/2"]
[WhiteElo "2336"]
[BlackElo "2470"]
[PlyCount "78"]
[EventDate "2013.??.??"]
[EventType "swiss (corr)"]
[EventRounds "12"]
[EventCountry "GER"]
[SourceTitle "Corr 2015"]
[Source "ChessBase"]
[SourceDate "2015.07.17"]
[SourceVersion "1"]
[SourceVersionDate "2015.07.17"]
[SourceQuality "1"]

1. d4 Nf6 2. c4 g6 3. Nc3 d5 4. cxd5 Nxd5 5. e4 Nxc3 6. bxc3 Bg7 7. Nf3 c5 8. Be2 Nc6 9. d5 Bxc3+ 10. Bd2 Bxa1 11. Qxa1 Nd4 12. Nxd4 cxd4 13. Qxd4 0-0 14. 0-0 Qb6 15. Qc3 f6 16. Be3 Qd8 17. Bc4 Qd6 18. Bc1 Bd7 19. Ba3 Qe5 20. Qxe5 fxe5 21. Bxe7 Rfc8 22. Bb3 Kf7 23. Bg5 Bb5 24. Rd1 Bc4 25. f4 Bxb3 26. axb3 Re8 27. Rc1 exf4 28. Rc7+ Kg8 29. d6 h6 30. Bf6 Re6 31. e5 Rxf6 32. exf6 Rd8 33. Rg7+ Kf8 34. d7 a5 35. Rh7 Kg8 36. Re7 Kf8 37. Kf2 b5 38. Ke2 a4 39. Rh7 Kg8 1/2-1/2

[Event "Remote Random-167 email"]
[Site "Remote email"]
[Date "2013.09.11"]
[Round "?"]
[White "Raap, Christian"]
[Black "Pieleck, Rudolf"]
[Result "1-0"]
[WhiteElo "2337"]
[BlackElo "1662"]
[PlyCount "31"]
[EventDate "2013.??.??"]
[EventType "tourn (corr)"]
[EventRounds "6"]
[EventCountry "GER"]
[SourceTitle "Corr 2015"]
[Source "ChessBase"]
[SourceDate "2015.07.17"]
[SourceVersion "1"]
[SourceVersionDate "2015.07.17"]
[SourceQuality "1"]

1. d4 Nf6 2. Nf3 e6 3. Bf4 d5 4. e3 Bd6 5. Bg3 Bxg3 6. hxg3 0-0 7. Nc3 b6 8. Ne5 a5 9. f4 c5 10. g4 Bb7 11. g5 Ne4 12. Nxe4 dxe4 13. Qh5 h6 14. Ng4 Re8 15. Nxh6+ gxh6 16. Qxh6 1-0

[Event "Remote Random-167 email"]
[Site "Remote email"]
[Date "2013.09.11"]
[Round "?"]
[White "Scheer, Walter"]
[Black "Raap, Christian"]
[Result "0-1"]
[WhiteElo "2303"]
[BlackElo "2337"]
[PlyCount "68"]
[EventDate "2013.??.??"]
[EventType "tourn (corr)"]
[EventRounds "6"]
[EventCountry "GER"]
[SourceTitle "Corr 2015"]
[Source "ChessBase"]
[SourceDate "2015.07.17"]
[SourceVersion "1"]
[SourceVersionDate "2015.07.17"]
[SourceQuality "1"]

1. d4 Nf6 2. Nf3 e6 3. Bf4 d5 4. e3 c5 5. c3 Bd6 6. Ne5 Nc6 7. Bb5 Qc7 8. Nd2 0-0 9. Ng4 Nxg4 10. Bxd6 Qxd6 11. Qxg4 e5 12. Qg3 f6 13. 0-0 cxd4 14. exd4 Ne7 15. dxe5 fxe5 16. Rfe1 Ng6 17. Rad1 Qb6 18. c4 h5 19. Qe3 d4 20. Qb3 Kh8 21. Ne4 Be6 22. Ba4 Qc7 23. Ng5 Bg4 24. g3 Qb6 25. f3 Qf6 26. fxg4 Qxg5 27. Qxb7 Qxg4 28. Qg2 Rab8 29. c5 h4 30. c6 Rf6 31. a3 d3 32. Re4 Qf5 33. c7 Rbf8 34. Rc1 Kh7 0-1

[Event "Remote Random-167 email"]
[Site "Remote email"]
[Date "2013.09.11"]
[Round "?"]
[White "Tortoza, Carlos Alberto"]
[Black "Raap, Christian"]
[Result "0-1"]
[WhiteElo "1563"]
[BlackElo "2337"]
[PlyCount "52"]
[EventDate "2013.??.??"]
[EventType "tourn (corr)"]
[EventRounds "6"]
[EventCountry "GER"]
[SourceTitle "Corr 2015"]
[Source "ChessBase"]
[SourceDate "2015.07.17"]
[SourceVersion "1"]
[SourceVersionDate "2015.07.17"]
[SourceQuality "1"]

1. d4 Nf6 2. Nf3 e6 3. Bf4 d5 4. e3 c5 5. Bb5+ Bd7 6. Bxd7+ Nbxd7 7. 0-0 Qb6 8. b3 Rc8 9. Ne5 cxd4 10. exd4 Nxe5 11. Bxe5 Nd7 12. f4 f6 13. Bxf6 Nxf6 14. f5 e5 15. c3 Bd6 16. Qf3 0-0 17. Kh1 exd4 18. Qd3 Bxh2 19. Nd2 Rxc3 20. Qh3 Rxh3 21. gxh3 Bb8 22. Nf3 Ne4 23. Rad1 Rxf5 24. Nh4 Qd6 25. Nf3 Rxf3 26. Rxf3 Qh2# 0-1

[Event "Remote email"]
[Site "Remote email"]
[Date "2013.08.10"]
[Round "?"]
[White "Kinte, Kunta"]
[Black "Raap, Christian"]
[Result "0-1"]
[WhiteElo "2090"]
[BlackElo "2337"]
[PlyCount "58"]
[EventDate "2013.??.??"]
[EventType "tourn (corr)"]
[EventRounds "6"]
[EventCountry "GER"]
[SourceTitle "Corr 2015"]
[Source "ChessBase"]
[SourceDate "2015.07.17"]
[SourceVersion "1"]
[SourceVersionDate "2015.07.17"]
[SourceQuality "1"]

1. d4 Nf6 2. c4 e6 3. g3 d5 4. Bg2 Be7 5. Nf3 0-0 6. 0-0 dxc4 7. Qa4 a6 8. Qxc4 b5 9. Qc2 Bb7 10. Bd2 Be4 11. Qc1 Ra7 12. Bf4 Nd5 13. Nc3 Nxc3 14. bxc3 Qd5 15. a4 b4 16. cxb4 Nc6 17. Rd1 Rb7 18. b5 axb5 19. axb5 Rxb5 20. Bxc7 Rc8 21. Bf4 g5 22. Be3 Rcb8 23. Ne1 Bxg2 24. Nxg2 Rb4 25. Qd2 Bf6 26. Qe1 Nxd4 27. Bxd4 Bxd4 28. Rac1 Qe4 29. Rc8+ Rxc8 0-1

[Event "Remote Random-164 email"]
[Site "Remote email"]
[Date "2013.07.13"]
[Round "?"]
[White "Raap, Christian"]
[Black "Gottwald, Bernhard"]
[Result "1-0"]
[WhiteElo "2332"]
[BlackElo "1831"]
[PlyCount "69"]
[EventDate "2013.??.??"]
[EventType "tourn (corr)"]
[EventRounds "6"]
[EventCountry "GER"]
[SourceTitle "Corr 2015"]
[Source "ChessBase"]
[SourceDate "2015.07.17"]
[SourceVersion "1"]
[SourceVersionDate "2015.07.17"]
[SourceQuality "1"]

1. d4 Nf6 2. c4 e6 3. Nc3 Bb4 4. e3 0-0 5. Nf3 d5 6. Bd3 c5 7. 0-0 Nc6 8. a3 Bxc3 9. bxc3 Na5 10. Ne5 Qe7 11. cxd5 exd5 12. f3 c4 13. Bc2 Nd7 14. a4 Qf6 15. f4 Qh6 16. e4 dxe4 17. Bxe4 Nb3 18. Ra2 Nxe5 19. fxe5 Nxc1 20. Qxc1 Qxc1 21. Rxc1 Rb8 22. a5 Rd8 23. Rb1 g6 24. Rab2 Rd7 25. Rb4 Rc7 26. Kf2 Bf5 27. Rxb7 Rbxb7 28. Rxb7 Rxb7 29. Bxb7 Kf8 30. Ke3 Ke7 31. d5 h6 32. d6+ Kd7 33. Ba6 Be6 34. Kd4 Kc6 35. Bxc4 1-0

[Event "Remote Pyramide email"]
[Site "Remote email"]
[Date "2013.04.12"]
[Round "?"]
[White "Raap, Christian"]
[Black "Scheer, Walter"]
[Result "1/2-1/2"]
[WhiteElo "2338"]
[BlackElo "2291"]
[PlyCount "75"]
[EventDate "2013.??.??"]
[EventType "tourn (corr)"]
[EventRounds "6"]
[EventCountry "GER"]
[SourceTitle "Corr 2015"]
[Source "ChessBase"]
[SourceDate "2015.07.17"]
[SourceVersion "1"]
[SourceVersionDate "2015.07.17"]
[SourceQuality "1"]

1. d4 Nf6 2. c4 e6 3. Nc3 Bb4 4. f3 d5 5. a3 Bxc3+ 6. bxc3 c5 7. e3 0-0 8. cxd5 Nxd5 9. Bd2 Nc6 10. f4 f6 11. Bc4 Qc7 12. Bd3 cxd4 13. cxd4 e5 14. Ne2 Kh8 15. Be4 Be6 16. Rc1 Qe7 17. 0-0 exd4 18. Nxd4 Nxd4 19. exd4 Qxa3 20. Rc5 Rad8 21. Qa1 Qxa1 22. Rxa1 a6 23. Rb1 Rd7 24. Bf3 g6 25. g4 f5 26. g5 Bf7 27. Kf2 Re8 28. Rc2 Kg7 29. Rcb2 Ree7 30. Rc2 Rd8 31. Rbc1 Rdd7 32. Rb1 h5 33. Rc5 Re8 34. Ra5 Kh7 35. Raa1 Rc8 36. Rc1 Rxc1 37. Rxc1 Nb6 38. Rb1 1/2-1/2